[Event "Baden-ch AT2"]
[Site "Oberwinden"]
[Date "2007.04.12"]
[Round "7"]
[White "Saur, Mathias"]
[Black "Laug, Hubert"]
[Result "0-1"]
[WhiteElo "1265"]
[BlackElo "1564"]
[PlyCount "44"]
[EventDate "2007.04.07"]
[EventType "swiss"]
[EventRounds "9"]
[EventCountry "GER"]
[SourceTitle "CBM 117 Extra"]
[Source "ChessBase"]
[SourceDate "2007.05.09"]
[SourceVersion "1"]
[SourceVersionDate "2007.05.09"]
[SourceQuality "1"]

1. e4 e5 2. f4 exf4 3. Nf3 Be7 4. Bc4 Bh4+ 5. Nxh4 Qxh4+ 6. Kf1 Nf6 7. d3 d6 8. Qf3 g5 9. Nc3 Nc6 10. Bb5 Bd7 11. Nd5 Nxd5 12. exd5 Ne5 13. Bxd7+ Kxd7 14. Qe4 Rae8 15. Bd2 Ng4 16. Qd4 Ne3+ 17. Kg1 Nxg2 18. Qb4 Re2 19. Rf1 Qg4 20. h3 Qg3 21. Rh2 Ne1+ 22. Kh1 Rxh2# 0-1

[Event "Baden-ch AT2"]
[Site "Oberwinden"]
[Date "2007.04.09"]
[Round "3"]
[White "Kanz, Edwin"]
[Black "Laug, Hubert"]
[Result "1-0"]
[WhiteElo "1362"]
[BlackElo "1564"]
[PlyCount "51"]
[EventDate "2007.04.07"]
[EventType "swiss"]
[EventRounds "9"]
[EventCountry "GER"]
[SourceTitle "CBM 117 Extra"]
[Source "ChessBase"]
[SourceDate "2007.05.09"]
[SourceVersion "1"]
[SourceVersionDate "2007.05.09"]
[SourceQuality "1"]

1. d4 d5 2. Nf3 e6 3. e3 Nf6 4. Bd3 Bd6 5. Nbd2 b6 6. e4 dxe4 7. Nxe4 Nxe4 8. Bxe4 c6 9. 0-0 0-0 10. Ne5 Bb7 11. Qh5 f5 12. Bd3 Nd7 13. f4 Rf6 14. Bc4 Qe7 15. Be3 Rh6 16. Qxf5 Rf8 17. Qd3 b5 18. Bb3 Bxe5 19. fxe5 Rg6 20. Rxf8+ Nxf8 21. g3 a6 22. c4 Nd7 23. c5 Qd8 24. Bc2 Nxe5 25. dxe5 Qxd3 26. Bxd3 1-0